| 000 | 00555nam a2200133Ia 4500 | ||
|---|---|---|---|
| 008 | 100328s9999 xx 000 0 und d | ||
| 082 | _b13755 | ||
| 100 | _aपरेरा ब्रागांस | ||
| 245 | _aमराठ्यांच्या इतिहासाची साधने | ||
| 260 | _bमयवर्ती प्रेस | ||
| 630 | _aमराठ्यांच्या इतिहासाची साधने | ||
| 730 | _aमराठ्यांच्या इतिहासाची साधने | ||
| 942 | _cBOOK | ||
| 999 |
_c508802 _d508799 |
||